000 00746nam a22002417a 4500
003 dpl
005 20180529133308.0
008 180529b xxu||||| |||| 00| 0 eng d
010 _aB-060253, B-060257
020 _c240.00
_a81263106718
035 _aB-060253
037 _bCen Lib/Ret
040 _aDPL
_bEN
_c0
082 _a842.092
_bJAF
245 _aAli Sardar Jafri the youthful boatman of joy /
_cedited by Anil Sehgal
260 _aNew Delhi
_bBhartiya Jnanpith
270 _a18,Industrial Area Lodi Road
_bNew Delhi
_e110003
300 _a287p. :
_c21cm(Hb)
_bill.
650 _aJaʻfrī, ʻAlī Sardār
_923837
650 _aBiography
_97490
700 _923677
_aSehgal, Anil
942 _2ddc
_cEN
_h842.092
_mJAF
999 _c128587
_d128587